MyGZULibrary

A political history of tropical Africa (Record no. 567)

MARC details
000 -LEADER
fixed length control field 00751nam a22002411 4500
001 - CONTROL NUMBER
control field 4532749
003 - CONTROL NUMBER IDENTIFIER
control field GZU
005 - DATE AND TIME OF LATEST TRANSACTION
control field 20200907142729.0
008 - FIXED-LENGTH DATA ELEMENTS--GENERAL INFORMATION
fixed length control field 730313s1965 nyuabc b 000 0 eng
010 ## - LIBRARY OF CONGRESS CONTROL NUMBER
LC control number 65021072
040 ## - CATALOGING SOURCE
Original cataloging agency DLC
Transcribing agency DLC
Modifying agency DLC
043 ## - GEOGRAPHIC AREA CODE
Geographic area code fb-----
050 00 - LIBRARY OF CONGRESS CALL NUMBER
Classification number DT351
Item number .ROT 1965
100 1# - MAIN ENTRY--PERSONAL NAME
Personal name Rotberg, Robert I.
Relator term author
245 12 - TITLE STATEMENT
Title A political history of tropical Africa
Statement of responsibility, etc. [by] Robert I. Rotberg.
260 ## - PUBLICATION, DISTRIBUTION, ETC.
Place of publication, distribution, etc. New York,
Name of publisher, distributor, etc. Harcourt, Brace & World
Date of publication, distribution, etc. [1965]
300 ## - PHYSICAL DESCRIPTION
Extent xvi, 440 p.
Other physical details illus., ports., maps.
Dimensions 24 cm.
500 ## - GENERAL NOTE
General note Bibliography: p. 373-421.
504 ## - BIBLIOGRAPHY, ETC. NOTE
Bibliography, etc. note Bibliography: p. 373-421.
651 #0 - SUBJECT ADDED ENTRY--GEOGRAPHIC NAME
Geographic name Africa, Sub-Saharan
General subdivision History.
906 ## - LOCAL DATA ELEMENT F, LDF (RLIN)
a 7
b cbc
c orignew
d u
e ocip
f 19
g y-gencatlg
942 ## - ADDED ENTRY ELEMENTS (KOHA)
Source of classification or shelving scheme Library of Congress Classification
Koha item type Books
Classification part 351
Item part ROT
Call number prefix DT
Holdings
Withdrawn status Lost status Source of classification or shelving scheme Damaged status Not for loan Collection code Home library Current library Shelving location Date acquired Total Checkouts Full call number Barcode Date last seen Copy number Price effective from Koha item type
    Library of Congress Classification     Non-fiction City Campus Library City Campus Library General Stacks 09/07/2020   DT351 ROT 1965 B016419 09/07/2020 c. 1 09/07/2020 Books